Operačný systém UNIX

Salvato in:
Dettagli Bibliografici
Autore principale: Kóša, Anton
Altri autori: Piklerová, Veronika, Šousta, Květoslav
Natura: Libro
Lingua:slovacco
Pubblicazione: Bratislava Dom techn. ČSVTS 1988
Edizione:1. vyd.
Tags: Aggiungi Tag
Nessun Tag, puoi essere il primo ad aggiungerne!!

MARC

LEADER 00000nam a2200000 4500
001 c035416
005 20250606113523.2
041 0 |a slo 
044 |a SK 
245 1 0 |a Operačný systém UNIX  |c Anton Kóša, Veronika Piklerová, Květoslav Šousta 
250 |a 1. vyd. 
264 1 |a Bratislava  |b Dom techn. ČSVTS  |c 1988 
300 |a 85 s. 
100 1 |a Kóša, Anton 
700 1 |a Piklerová, Veronika 
700 1 |a Šousta, Květoslav